000 00849nam a2200229Ia 4500
999 _c38090
_d38090
001 4078
003 GE_BSU
005 20190930164746.0
008 181216s1970||||ge |||||||||||||| ||geo||
040 _cGE_BSU
041 _ageo
080 _a16 ს–25
100 _aსანაია, კ.
_93654
245 _aცნების თანამედროვე თეორიები /
_cრედ. ო. ჯიბუტი.
264 _aთბ. :
_bმეცნიერება,
_c1970.
300 _a166 გვ. ;
_b21 სმ.
501 _aავტორთა საძიებელი: გვ. 166-167.
504 _a ბიბლიოგრ. შენიშვნებში.
653 _aცნება(ლოგიკა)
700 _aჯიბუტი, ო.
_eრედაქტორი
_94405
942 _cBK
_2udc